Engelsk - Preposisjoner 1 - Statistics

General Stats
  • This quiz has been taken 273 times
    236 since last reset
  • The average score is 19 of 43
Answer Stats
Hint Answer % Correct
På engelsk In English
97%
Gå på skolen Go to school
84%
På jobben At work
79%
Lei av Tired of / Sick of
74%
Be om Ask for
66%
Redd for Afraid of
63%
En venn av meg A friend of mine
63%
Viktig for Important to
63%
Sint på Mad at / Angry with
61%
Enig med Agree with
58%
Drømme om Dream of/about
55%
Lete etter Look for
55%
Det kommer an på It depends (on)
53%
Tenk på Think about
53%
Vent på Wait for
53%
Hva handler det om? What is it about?
53%
Flink til å Good at
50%
Stol på meg Trust me
50%
På grunn av Because of
47%
Tro på spøkelser Believe in ghosts
47%
På en stund In/For a while
47%
Minne meg om Remind me of
47%
Stemme på Vote for
47%
Tro på meg Believe me
45%
Over hele verden Across the world
39%
Et kart over A map of
39%
Avhengig av (to betydninger) Depend on / Addicted to
39%
Jeg føler ikke for det I don't feel like it
37%
Sammenlignet med Compared to
34%
Klage over/på Complain about
34%
I stand til Able to / Capable of
32%
Åpen for nye ideer Open to new ideas
29%
Dette er interessant for meg This is interesting to me
29%
Slokk ilden Put out (Extinguish) the fire
26%
Tiltrukket av Attracted to
24%
Ha bruk for Have use for
24%
Det betyr ikke noe for meg It doesn't matter to me
24%
Innen tirsdag By Tuesday
21%
På feil sted til feil tid In the wrong place at the wrong time
21%
Utsatt for Exposed to
18%
Delt inn i Divided into / Split into
16%
Jeg kommer ikke på noe annet I can't think of anything else
16%
Jeg vurderer å I'm thinking of/about
13%
No matching quizzes found
Score Distribution
Percent of People with Each Score
Percentile by Number Answered
Your Score History
You have not taken this quiz since the last reset